000 00699nam a2200241 i 4500
001 C2-0287145
003 PPAK
005 20180728020504.0
008 080205s2006 my a|||| ||||| | may d
020 _a9832672376
040 _aPPAK
_beng
_cPPAK
_erda
082 0 4 _a615.88
_223
090 0 0 _a615.88
_bTUM
_dG
245 0 0 _aTumbuhan & makanan sebagai penyembuh penyakit
264 1 _aKuala Lumpur :
_bAl-Risalah Product ,
_c2006
300 _axiv, 229 pages :
_billustrations ;
_c21 cm
336 _2rdacontent
_atext
337 _2rdamedia
_aunmediated
338 _2rdacarrier
_avolume
650 1 0 _aFolk medicine.
700 0 _aAmina Noor ; Kamilarini Kamalsha,
_ecompile
942 _ddc
_cB
999 _c92849
_d92849